| 000 | 00516cam a22001817a 4500 | ||
|---|---|---|---|
| 008 | 180718b2009 xxu||||| |||| 00| 0 eng d | ||
| 020 | _a9788182743526 | ||
| 082 | _aY26 D642 | ||
| 245 |
_aEnergy security _cedited by Parag Diwan and A.N. Sarkar |
||
| 260 |
_aNew Delhi _bPentagon Energy Press _c2009 |
||
| 300 | _a336p. | ||
| 650 | _aInternational economic relations. | ||
| 650 | _aEnergy policy | ||
| 650 | _aPower resources | ||
| 650 | _aEnergy industries | ||
| 700 | _aSarkar, A.N. | ||
| 700 | _aDiwan, Parag | ||
| 999 |
_c415112 _d415112 |
||